Universe (Record no. 3611)

MARC details
000 -LEADER
fixed length control field 00931cam a2200289 a 4500
001 - CONTROL NUMBER
control field 13506803
003 - CONTROL NUMBER IDENTIFIER
control field OSt
005 - DATE AND TIME OF LATEST TRANSACTION
control field 20191022115440.0
008 - FIXED-LENGTH DATA ELEMENTS--GENERAL INFORMATION
fixed length control field 040301s2005 nyua 001 0 eng
010 ## - LIBRARY OF CONGRESS CONTROL NUMBER
LC control number 2004103077
020 ## - INTERNATIONAL STANDARD BOOK NUMBER
International Standard Book Number 071678694X
020 ## - INTERNATIONAL STANDARD BOOK NUMBER
International Standard Book Number 0716786907 (CD-ROM)
040 ## - CATALOGING SOURCE
Original cataloging agency DLC
Transcribing agency DLC
Modifying agency DLC
050 00 - LIBRARY OF CONGRESS CALL NUMBER
Classification number QB43.3
Item number .F74 2005
082 00 - DEWEY DECIMAL CLASSIFICATION NUMBER
Classification number 523.1
Edition number 22
Item number FRE 2005
100 1# - MAIN ENTRY--PERSONAL NAME
Personal name Freedman, Roger A.; Kaufmann, William J.
9 (RLIN) 5660
245 10 - TITLE STATEMENT
Title Universe
250 ## - EDITION STATEMENT
Edition statement 7th ed.
260 ## - PUBLICATION, DISTRIBUTION, ETC. (IMPRINT)
Place of publication, distribution, etc. New York :
Name of publisher, distributor, etc. W.H. Freeman,
Date of publication, distribution, etc. 2005.
300 ## - PHYSICAL DESCRIPTION
Extent 1 v. (various pagings) :
Other physical details col.ill ;
Dimensions 28 cm. +
Accompanying material 1 CD-ROM (4 3/4 in.)
500 ## - GENERAL NOTE
General note Includes index.
650 #0 - SUBJECT ADDED ENTRY--TOPICAL TERM
Topical term or geographic name as entry element Astronomy
Form subdivision Textbooks.
9 (RLIN) 398
650 #0 - SUBJECT ADDED ENTRY--TOPICAL TERM
Topical term or geographic name as entry element Cosmology
Form subdivision Textbooks.
9 (RLIN) 399
906 ## - LOCAL DATA ELEMENT F, LDF (RLIN)
a 7
b cbc
c origcop
d 3
e epcn
f 20
g y-gencatlg
942 ## - ADDED ENTRY ELEMENTS (KOHA)
Source of classification or shelving scheme Dewey Decimal Classification
Koha item type Short Loan
Holdings
Withdrawn status Lost status Source of classification or shelving scheme Damaged status Not for loan Home library Current library Date acquired Source of acquisition Inventory number Total Checkouts Full call number Barcode Date last seen Koha item type Price effective from
    Dewey Decimal Classification     MUST Main Library MUST Main Library 18/04/2016 Purchase 05/24970   523.1 FRE 2005 2016-0989 18/04/2016 Short Loan  
    Dewey Decimal Classification     MUST Main Library MUST Main Library 18/04/2016 Purchase 05/24969   523.1 FRE 2005 2016-0990 18/04/2016 Short Loan  
    Dewey Decimal Classification     MUST Main Library MUST Main Library 25/10/2019 Purchase 06/28027   523.1 FRE 2005 2019-0569 25/10/2019 Open Shelf  
    Dewey Decimal Classification     MUST Main Library MUST Main Library 24/04/2024 Donation 07/28717   523.1 FRE 2005 2024-0157 24/04/2024 Open Shelf  
    Dewey Decimal Classification     MUST Main Library MUST Main Library 24/06/2024 Purchase 06/28028   523.1 FRE 2005 2024-21086 24/06/2024 Short Loan 24/06/2024
    Dewey Decimal Classification     MUST Main Library MUST Main Library   Purchase 06/28028   523.1 FRE 2005 2024-21087 24/06/2024 Open Shelf